000 00728nam a2200193Ia 4500
003 GCL
008 140319s9999 xx 000 0 ara d
040 _aGCL /
_cGCL
082 0 4 _a355.009
_bص م
100 1 _aصبحى عبدالمجيد
245 1 0 _aمعارك العرب الحاسمة (هدية من الاديب عبدالفتاح الجمل) /
_cصبحى عبدالمجيد
260 _a[S.N] :
_bمؤسسة الابحاث العربية ،
_c1967
300 _a143 ص
490 _aالهيئة العامة للاستعلامات
_v0
650 0 4 _aالفتوحات الاسلامية
650 0 4 _aالتاريخ الاسلامى
650 0 4 _aالمعارك العربية الاسلامية
942 _2ddc
_cBK
999 _c48767
_d48767